000 00397nam a2200121Ia 4500
008 211119s9999||||xx |||||||||||||| ||und||
082 _a894.8123
_bPAD-P
100 _aPadmanabhan, T
245 0 _aPuzhakadannu Marangalude Idayilekku
260 _bD c Books
_a1997
_cKottayam
650 _aMalayalam Literature
_vMalayalam FictionMalayalam NovelsShort StoriesMalayalam
_xGeneral stack
942 _cBOOK
999 _c116310
_d116310